A Renewable Energy Sources and the Forms of Their Grant Support in Slovakia
Saved in:
| Main Author: | |
|---|---|
| Other Authors: | , , , |
| Format: | Book Chapter |
| Language: | English |
| Tags: |
No Tags, Be the first to tag this record!
|
MARC
| LEADER | 00000naa$a2200000$$$4500 | ||
|---|---|---|---|
| 001 | 0307598 | ||
| 005 | 20251023082855.7 | ||
| 041 | 0 | |a eng | |
| 044 | |a BG | ||
| 245 | 1 | 0 | |a A Renewable Energy Sources and the Forms of Their Grant Support in Slovakia |c Adriana Csikósová, Katarína Čulková, Katarína Teplická, Mária Antošová, Andrea Seňová |
| 100 | 1 | |a Csikósová, Adriana | |
| 700 | 1 | |a Čulková, Katarína | |
| 700 | 1 | |a Teplická, Katarína | |
| 700 | 1 | |a Antošová, Mária, 1965- | |
| 700 | 1 | |a Seňová, Andrea | |